Hiraşima / (Record no. 14689)

MARC details
000 -BAŞLIK
Sabit Uzunlukta Kontrol Alanı 00627nam a22002177a 4500
999 ## - SİSTEM KONTROL NUMARALARI (KOHA)
Koha Biblionumber 14689
Koha Biblioitemnumber 14689
003 - KONTROL NUMARASI IDENTIFIER
Denetim Alanı MIRAKIL
005 - SON İŞLEM TARİHİ VE ZAMANI
Denetim Alanı 20211216114345.0
008 - SABİT-BOY VERİ ELEMANLARI - GENEL BİLGİLER
Sabit Uzunlukta Kontrol Alanı 211216b tu ||||| |||| 00| 0 tur d
040 ## - KATALOGLAMA KAYNAK
Orijinal Kataloglama Ajansı TR-AnCHP
Metne Dönüştürmek Ajansı TR-AnCHP
041 ## - DİL KODU
Metin / Ses Parça Veya Ayrı Başlığın Dil Kodu tur
082 ## - DEWEY ONLU SINIFLANDIRMA NUMARASI
Sınıflandırma Numarası 818.6
Ürün Numarası H36h1965
100 ## - ANA GİRİŞ - KİŞİSEL İSİM
Kişisel Ad Hersey, John
245 10 - BAŞLIK TABLOSU
Başlık Hiraşima /
Sorumluluk Tablosu, Vb John Hersey ; çeviren : R. Tomris
260 ## - YAYIN, DAĞITIM, VB
Yayın, Dağıtım, Vb Yeri İstanbul:
Yayıncı, Dağıtıcı, Vs Adı De Yayınevi,
Yayın, Dağıtım, Vb Tarihi 1965.
300 ## - FİZİKSEL TANIM
Kapsam 110 s.:
Boyutlar 19 sm.
490 0# - SERİSİ TABLOSU
Seri Beyanı Anlatı dizisi ;
Hacim / Ardışık Tanımı 3.
650 #0 - KONU KATMA GİRİŞ - TOPİKAL DÖNEM
9 (RLIN) 5245
Topikal Süreli Veya Coğrafi Ad Giriş Elemanı İkinci Dünya Savaşı
Genel Alt Bölümü Japonya
651 #0 - KONU KATMA GİRİŞ - COĞRAFİ ADI
9 (RLIN) 5925
Coğrafi İsim Japonya
Genel Alt Bölümü Hiroşima
-- Anılar
700 ## - KATMA GİRİŞ - KİŞİSEL İSİM
9 (RLIN) 6882
Kişisel Ad Tomris, R.
Relator Terim çev.
942 ## - EKLENDİ GİRİŞ ELEMANLARI (KOHA)
Sınıflandırma Veya Raf Düzeni Kaynak Dewey Decimal Classification
Koha Öğesi Türü Books
Holdings
Kalıcı Konum Mevcut Konum Edinme Tarihi Toplam Check-Out'Lar Tam Çağrı Numarası Barkod Tarih Son Görülme İtibaren Geçerli Fiyatlar Koha Öğesi Türü
CHP Kütüphanesi CHP Kütüphanesi 12/16/2021   818.6 H36h1965 020177 12/16/2021 12/16/2021 Books